000 00773nam a22002297a 4500
003 OSt
005 20150408114111.0
008 130126s2013 jo ||||g b 00| 0 ara d
020 _a9789957742133
040 _aMU
082 _221
_a224.2
_bج هـ م
100 1 _aالجطلاوي، الهادي
_914168
245 1 0 _aمباحث في أسلوب القرآن /
_cالهادي الجطلاوي.
250 _aط. 1.
260 _aعمان، الأردن :
_bدار كنوز المعرفة،
_c2013.
300 _a280 ص. :
_bجداول ؛
_c24 سم.
504 _aيشتمل على إرجاعات ببليوجرافية.
650 4 _aالقرآن
_xبحوث.
650 4 _aالقرآن
_xألفاظ.
_9677
650 4 _aالقرآن
_xنحو.
_919751
942 _2ddc
_cDVD
999 _c27005
_d261505